[Event "Olympiad-34"]
[Site "Istanbul"]
[Date "2000.11.05"]
[Round "8.1"]
[White "Kozul, Zdenko"]
[Black "Topalov, Veselin"]
[Result "0-1"]
[WhiteElo "2611"]
[BlackElo "2707"]
[Annotator "Tsesarsky,I"]
[PlyCount "62"]
[EventDate "2000.10.28"]
[EventType "team-swiss"]
[EventRounds "14"]
[EventCountry "TUR"]
[SourceTitle "EXT 2001"]
[Source "ChessBase"]
[SourceDate "2000.11.22"]
[SourceVersion "1"]
[SourceVersionDate "2000.11.22"]
[SourceQuality "1"]
[WhiteTeam "Croatia"]
[BlackTeam "Bulgaria"]
[WhiteTeamCountry "CRO"]
[BlackTeamCountry "BUL"]

1. d4 Nf6 2. Nf3 c5 3. d5 b5 4. Bg5 Ne4 5. h4 $6 $146 {In my opinion, this
novelty don't change position evaluation, but bring new colours to this quite
complicated position.} ({mainlines are:} 5. Bf4) (5. Bh4) (5. Qd3 {-see
comments to the game 0-1 Reinderman,D-Sambuev,B/Marbella 1999/CBM 73 (36) 
[Avrukh,B, Alterman,B]}) 5... g6 (5... Bb7 6. Qd3 Nxg5 7. hxg5 c4 $13) 6. Nbd2
Nxg5 7. hxg5 {White implemented the main idea of 5.h4, but pressure on h-file
is not serious. Pair of BB maybe already permits to say: Black equalized.} Bg7
8. e4 Na6 $5 (8... Bxb2 $6 9. Rb1 Bg7 10. Bxb5 Qa5 11. e5 $14 {Black has
certain difficulties with queenside pieces development.}) ({In my opinion,
quite good is} 8... a6 $132) 9. a4 ({After} 9. Bxb5 $5 {also Black neutralizes
White little advantage:} Rb8 (9... Nc7 10. Ba4 Bxb2 11. Rb1 Bg7 12. c4 $14 {
[%cal Ga4e8,Gd7d6]}) (9... Bxb2 10. Rb1 Bc3 11. Rb3 Qa5 12. O-O {[%cal Gd2c4]}
Bg7 13. Nc4 $14) 10. a4 Bxb2 11. Rb1 Bg7 12. d6 $5 (12. e5 $6 Nc7 $132 {
[%cal Gc7b5,Gd7d6]}) 12... exd6 13. Nc4 O-O 14. Qxd6 (14. Nxd6 Nc7 15. Rb3 Nxb5
16. axb5 a6 $132) 14... Re8 $132) 9... Bxb2 10. axb5 (10. Rb1 Bg7 $132) 10...
Nc7 11. Ra2 (11. Ra4 Bg7 12. c4 d6 13. Bd3 (13. e5 $132)) 11... Bg7 12. c4 d6
13. Qb3 $6 $15 ({Necessary was} 13. e5 $1 Bf5 (13... dxe5 14. Ne4 Bf5 15. Nxc5
Qd6 16. Na6 e4 $132) 14. Qa4 O-O $132) 13... e6 $1 {Black must attack strong
White center and to open the game for another B - c8.} 14. Bd3 Kf8 $1 {Black
doesn't need castle! Rh8 will be released after h7-h6.} 15. Ra3 exd5 16. exd5 (
16. cxd5 Bd7 $1 {[%csl Rb5]} 17. O-O h6 $15) 16... a6 17. O-O (17. b6 $2 Rb8
18. O-O (18. bxc7 Qe7+ $1 $19 {[%csl Rb3]}) 18... Na8 $17 {[%csl Rb6]}) 17...
Rb8 (17... axb5 18. Rxa8 Nxa8 19. Qxb5 Nc7 20. Qc6 h6 $15) 18. Re1 h6 19. gxh6
Rxh6 20. Ne4 (20. Rb1 Rb6 $17) 20... Rb6 21. Qa2 (21. Nc3 Bg4 $17) 21... Bg4
22. Neg5 (22. Re3 axb5 23. cxb5 Rh5 $17 {[%csl Rd5]}) 22... Bf6 23. Qd2 (23.
Nh2 Bc8 24. Ne4 axb5 25. cxb5 (25. Nxf6 Qxf6 26. cxb5 Qh4 $19) 25... Bg7 $17)
23... Rh5 {[%csl Rg5]} 24. Qa5 {Here Black had to decide, what to do. One of
two alternatives is to send Nc7 to offside but to remain Qd8 on attack
position.} Na8 ({The second alternative is to keep harmony and to play} 24...
Qb8 25. Ne4 Bg7 26. Nh2 Bc8 27. bxa6 Rxa6 28. Rb3 $3 Qa7 $15) 25. Ne4 $4 $19 ({
The only chance was} 25. Re4 $1 {and after expected} Bf5 (25... Qd7 26. Ne6+
fxe6 27. Rxg4 Qh7 (27... exd5 28. Rxg6 $14) 28. Kf1 exd5 29. Bxg6 Rh1+ 30. Ke2
$14) 26. g4 $1 {this material sacrifice would permit to White to continue
resistance:} Bxe4 27. Nxe4 (27. gxh5 Bxd3 28. Nh7+ Kg7 29. Nxf6 Qxf6 30. Rxd3
gxh5 31. Nd2 h4 $15) 27... Rh8 28. bxa6 Bg7 $15) 25... Bxf3 26. gxf3 Bd4 {
Position of White is hopeless.} 27. Kf1 ({Or} 27. Ra2 Qh4 28. Kf1 Qf4 29. Ng3
Rh3 {[%csl Rf2,Rg3][%cal Gd4f2]} 30. Be4 f5 31. Rae2 Qh4 $19 {[%csl Rf1][%cal
Gh3h1,Gd4f2]}) 27... Rh2 28. Ke2 f5 29. Nd2 Bxf2 30. Rea1 Be3+ 31. Kxe3 Qg5+ (
31... Qg5+ 32. f4 Qg3+ 33. Nf3 Qf2#) 0-1

[Event "Olympiad-34"]
[Site "Istanbul"]
[Date "2000.11.06"]
[Round "9.1"]
[White "Topalov, Veselin"]
[Black "Khalifman, Alexander"]
[Result "1-0"]
[WhiteElo "2707"]
[BlackElo "2667"]
[Annotator "Huebner,R"]
[PlyCount "113"]
[EventDate "2000.10.28"]
[EventType "team-swiss"]
[EventRounds "14"]
[EventCountry "TUR"]
[SourceTitle "EXT 2001"]
[Source "ChessBase"]
[SourceDate "2000.11.22"]
[SourceVersion "1"]
[SourceVersionDate "2000.11.22"]
[SourceQuality "1"]
[WhiteTeam "Bulgaria"]
[BlackTeam "Russia"]
[WhiteTeamCountry "BUL"]
[BlackTeamCountry "RUS"]

1. Nf3 d5 2. d4 Nf6 3. c4 c6 4. Nc3 dxc4 5. a4 Bf5 6. Ne5 e6 7. f3 Bb4 8. e4
Bxe4 9. fxe4 Nxe4 10. Bd2 Qxd4 11. Nxe4 Qxe4+ 12. Qe2 Bxd2+ 13. Kxd2 Qd5+ 14.
Kc2 Na6 15. Nxc4 O-O 16. Qe5 Rab8 17. a5 Rfd8 18. Be2 f6 19. Qxd5 cxd5 20. Nd2
Rdc8+ 21. Kb3 {In der Partie Bareev-Ribli, Neum 2000, geschah} (21. Kb1 {
Der Textzug ist meines Erachtens stärker.}) 21... Kf7 22. Rhc1 Ke7 23. Ka3 Nc5
24. b4 Nd7 25. Nb3 {Schwarz hat keinerlei Gegenspiel; die Stellung des Weißen
ist recht gewinnträchtig.} g6 (25... Ne5 $5) 26. a6 bxa6 {Schwarz muß schlagen,
denn nach} (26... b6 {erreicht Weiß mit} 27. Nd4 Ne5 28. Nb5 {eine
Gewinnstellung.}) 27. Nd4 Kd6 (27... Ne5 28. Bxa6 Rxc1 29. Rxc1 {ist nicht
günstiger für Schwarz; nach} Kd7 30. Kb3 g5 31. Ra1 {wird der a-Bauer fallen.})
28. Rxc8 Rxc8 29. Kb3 Nb6 30. Bxa6 Rb8 31. Nb5+ Kd7 32. Nxa7 $18 e5 33. Bb5+
Kd6 34. Rc1 e4 35. Rc6+ Ke5 36. Rc7 Kf4 37. Rxh7 Ke3 38. Nc6 Rc8 39. Rh6 Rg8
40. Ne7 Rg7 41. Nxg6 d4 42. Rh3+ (42. Nh4 Rg5 43. Bc6 {ist vielleicht noch
einfacher.}) 42... Kd2 43. Nf4 Rg5 44. Ba6 Rf5 45. Ne6 Rd5 46. Bb7 Rd6 47. Bxe4
Rxe6 48. Rd3+ Ke2 49. Rxd4 Ke3 50. Bf5 Re5 51. Rd6 Nd5 52. g4 Kd4 53. Be6 Re3+
54. Ka4 Ke5 55. Rxd5+ Kxe6 56. Rh5 Kd6 57. Rh6 1-0

[Event "Olympiad-34"]
[Site "Istanbul"]
[Date "2000.11.12"]
[Round "14.1"]
[White "Topalov, Veselin"]
[Black "Hansen, Curt"]
[Result "1-0"]
[WhiteElo "2707"]
[BlackElo "2613"]
[Annotator "Tsesarsky,I"]
[PlyCount "131"]
[EventDate "2000.10.28"]
[EventType "team-swiss"]
[EventRounds "14"]
[EventCountry "TUR"]
[SourceTitle "EXT 2001"]
[Source "ChessBase"]
[SourceDate "2000.11.22"]
[SourceVersion "1"]
[SourceVersionDate "2000.11.22"]
[SourceQuality "1"]
[WhiteTeam "Bulgaria"]
[BlackTeam "Denmark"]
[WhiteTeamCountry "BUL"]
[BlackTeamCountry "DEN"]

1. Nf3 Nf6 2. c4 e6 3. Nc3 c5 4. g3 Nc6 5. Bg2 d5 6. cxd5 Nxd5 7. O-O Be7 8. d4
O-O 9. Nxd5 exd5 10. dxc5 Bxc5 11. Bg5 Qd7 ({Mainlines are:} 11... f6) (11...
Qb6) 12. Ne1 ({Interesting also} 12. Rc1 Bb6 13. Bd2 Qe7 14. e3 Bf5 15. Bc3 Be4
16. Qa4 Rac8 17. Rcd1 $14 {[%csl Gd4] 1-0 Miles,A-Podlesnik,B/Nova Gorica 1999/
CBM 68 ext (51)}) 12... d4 13. Nd3 Bb6 14. a4 (14. Bf3 {see comments to the
game 1/2-1/2 Kalinin,A-Atalik,S/Wijk aan Zee 1997/CBM 57 (39)[Atalik,S,
Tsesarsky,I]}) (14. Bd2 Qe7 15. Nf4 Be6 16. Qa4 $14 {1/2-1/2 Kramnik,V-Anand,V/
Monte Carlo 1995/CBM 46 ext (51)}) 14... Qf5 15. Bd2 Bd7 16. b4 a6 17. Nf4 {
[%cal Gg2h3] Threatening Bh3} (17. Rb1 $14 {[%cal Gb4b5]}) (17. Rc1 $14 {
[%cal Gd3c5]}) 17... Qe5 18. Nd5 Bd8 19. Bf4 Qe6 20. Re1 {[%csl Ge2] Good
preventive move} Qg6 21. b5 axb5 22. axb5 Rxa1 23. Qxa1 Ne7 24. Qxd4 Bxb5 25.
Nxe7+ Bxe7 26. Qe5 $2 $11 {[%csl Rb5,Re7] Dropping an advantage - based on
tactical blunder.} ({Simply to take P by} 26. Bxb7 $16 {was much better -
White has serious chances to win.}) 26... Bb4 $8 27. Be4 Re8 $1 {This very
strong unexpected move was probably missed by Topalov.} (27... Qb6 28. Bxh7+ $1
$18) (27... Bc3 28. Bxg6 Bxe5 29. Bxf7+ $16) 28. Qxb5 (28. Bxg6 Rxe5 29. Bxe5
Bxe1 30. Be4 Bxe2 31. Bxb7 $11) (28. Qxe8+ Bxe8 29. Bxg6 Bxe1 $11) 28... Qxe4
29. f3 Qe7 30. Rc1 {[%csl Rb4,Rb7,Re8][%cal Gc1c7]} h6 $5 (30... Ba3 31. Rc7
$16 {[%csl Rb7]}) ({Equal position after} 30... b6 $1 31. Qxb6 (31. Rc7 Bc5+
32. Kh1 Qe6 33. e4 $132) 31... g5 32. Rc7 Qxe2 {[%csl Rg1]} 33. Qxb4 Qxf3 (
33... gxf4 34. Qxf4 $16) 34. Re7 $11 (34. Bxg5 Qd1+ 35. Kg2 Re2+ 36. Kh3 Qf1+
37. Kg4 h5+ 38. Kxh5 Rxh2+ $19)) 31. Kf1 (31. Rc7 Qxe2 32. Qxe2 ({It is very
dangerous to take a piece:} 32. Qxb4 Qd1+ 33. Kg2 Re2+ 34. Kh3 Qf1+ 35. Kg4 h5+
$1 36. Kh4 $8 (36. Kg5 Qxf3 $19 {[%csl Rg5]}) 36... Rxh2+ 37. Kg5 Qxf3 38. Rc8+
$8 Kh7 39. Qb1+ $8 g6 40. Re8 (40. Kf6 Qd5 41. Re8 Ra2 42. Qb4 Ra6+ 43. Ke7 Kg7
$1 $19 {[%csl Re7]}) 40... Re2 41. Rxe2 Qxe2 42. Qb6 Qg4+ 43. Kf6 Qf5+ 44. Ke7
h4 45. Qxb7 g5 $1 $17) 32... Rxe2 33. Rxb7 Bc5+ 34. Kh1 g5 35. Bb8 $11) 31...
g5 32. Bc7 Qe3 33. Rc2 Bf8 34. Kg2 (34. Qxb7 $2 Bc5 $1) 34... Bg7 (34... Re6 $2
35. Qxb7 Bc5 36. Kh3 Qg1 37. Qd5 Qf1+ 38. Kg4 Be3 39. Be5 $1 $16) 35. Bb6 Qe6
36. Bf2 Rc8 37. Rd2 Qc6 38. Qf5 Re8 ({After} 38... b5 {also Black equalize:}
39. Rd7 Bf6 $1 40. Bd4 Rd8 $1 41. Rxd8+ Bxd8 42. Qe5 Kf8 $11) 39. e4 b5 40. Rd7
Qe6 $2 $16 ({Why not} 40... Bf6 $1 $11) 41. Qxb5 g4 42. Qd5 Qxd5 (42... gxf3+
43. Kxf3 $16) 43. Rxd5 Re6 44. Be3 Kh7 45. h3 gxf3+ 46. Kxf3 Kg6 47. h4 $1 Bf6
$2 $18 {Positional mistake. Now White wins by force.} ({Necessary was} 47... h5
$1 48. Rg5+ Kh6 49. g4 (49. Re5+ $6 Kg6 50. Rxe6+ fxe6 51. g4 hxg4+ $1 ({After
} 51... Bf6 52. g5 $1 {seems position of Black is hopeless:} Bc3 53. Bf4 Kf7
54. Ke2 Bd4 55. Bg3 Bb6 56. Kd3 Bg1 57. Kc4 Be3 58. Kb5 {White's plan is to
bring K to d7, to play g5-g6 and to take Pe6, then to push forward Pe4.} Bd4
59. Kc6 Be3 60. Kd7 Bd4 61. g6+ Kxg6 62. Kxe6 Bc3 63. e5 $18) 52. Kxg4 Bb2 53.
h5+ Kf6 54. Bf4 Kg7 {and Black survives}) 49... hxg4+ 50. Rxg4+ Kh7 51. Rg5 $16
{This position much better for Black than position from the game after 59 move.
}) 48. h5+ Kg7 49. Bf4 Be7 50. Rb5 Bd8 51. e5 Be7 52. Kg4 Bd8 53. Kf5 Be7 54.
Rb7 Bd8 55. Rb8 Ba5 56. Ra8 Bc3 57. Rd8 Bb4 58. g4 Bc5 59. g5 hxg5 60. Bxg5 {
Threatening Bf6+} Be7 61. h6+ Kh7 62. Bxe7 Rxe7 63. Rf8 Kxh6 (63... Ra7 64. Kf6
Ra1 65. Kxf7 Kxh6 66. e6 $18) 64. Kf6 Re6+ 65. Kxf7 $1 Rxe5 66. Kf6 {
instructive endgame!} 1-0

[Event "FIDE-Wch k.o."]
[Site "New Delhi/Teheran"]
[Date "2000.12.08"]
[Round "4.3"]
[White "Topalov, Veselin"]
[Black "Dreev, Alexey"]
[Result "1-0"]
[WhiteElo "2707"]
[BlackElo "2676"]
[Annotator "Lukacs,P"]
[PlyCount "71"]
[EventDate "2000.11.27"]
[EventType "k.o."]
[EventRounds "7"]
[EventCountry "IND"]
[SourceTitle "CBM 081"]
[Source "ChessBase"]
[SourceDate "2001.03.20"]
[SourceVersion "1"]
[SourceVersionDate "2001.03.20"]
[SourceQuality "1"]

1. e4 c6 2. d4 d5 3. Nd2 dxe4 4. Nxe4 Bf5 5. Ng3 Bg6 6. h4 h6 7. Nf3 e6 8. Ne5
Bh7 9. Bd3 Bxd3 10. Qxd3 Nd7 11. f4 Ngf6 12. Bd2 Be7 13. O-O-O O-O 14. Kb1 {
[%mdl 8]} (14. Qf3 {Topalov-Dreev, FIDE-Wch k.o. 2000 CBM 81}) 14... c5 {
Black has to find counterplay in the [+] and the <<, otherwise White's
attacking chances on the >> become real.} (14... Qc7 15. Qf3) 15. dxc5 Nxc5 16.
Qf3 {White has to keep the queens for the ->.} Qc7 17. Bc3 Rac8 18. Bd4 Rfd8 ({
missing the "petite combination"} 18... Nce4 $1 19. c3 Nxg3 20. Qxg3 Rfd8 21.
Qf3 b5 $132) 19. c3 Na4 {Black has also attacking prospects on the <<.} (19...
b5 $5 20. Ne2 {/\ g4-g5} Nce4 (20... h5 21. g4 hxg4 22. Nxg4 $14 {opens up the
g <->.}) 21. g4 b4 22. g5 bxc3 23. Bxc3 (23. Nxc3 Nxc3+ 24. Bxc3 Nd5) 23...
Nxc3+ 24. Nxc3 Rxd1+ 25. Qxd1 Rb8 26. Qf3 {and White comes first in the race
of attack.}) 20. Ne2 (20. f5 $6 {is not that threatening.} Bc5 $1 {Black has
to eliminate White's menacing centralized B.} (20... Bd6 21. Rhe1 b5 (21... Qa5
$5 22. Ng4 $1 {Attacking the K is more to the point than hunting pawns on the
other flank.} (22. fxe6 fxe6 23. Qxb7 Rb8 24. Qf7+ Kh7 25. Qg6+ Kg8 26. Nc4
Nxc3+ 27. Bxc3 Qxc3 28. Ne4 Qxc4 29. Nxf6+ Kf8 30. Nh7+ Kg8 31. Nf6+ $11 {
with only perpetual checks.}) 22... Nxg4 23. Qxg4 $16) 22. Nh5 (22. fxe6 fxe6)
22... Nxh5 23. fxe6 fxe6 24. Qxh5 b4 25. c4 $14 {avoiding the opening of the
lines on the <<.}) 21. Bxc5 Qxc5 22. Rxd8+ Rxd8 $17 {and White's -> is beaten
back.}) 20... Qa5 $1 (20... b5 $6 {is again slower, for example:} 21. g4 $1 b4
22. c4 (22. g5 $143 bxc3) 22... Nd7 (22... Bd6 23. b3 $1 (23. g5 $2 {is
premature in view of} Bxe5 24. Bxe5 (24. fxe5 Qxc4 25. gxf6 Qc2+ 26. Ka1 Rc3 $1
$19) 24... Rxd1+ 25. Rxd1 Qxc4 26. Ka1 Qe4 27. Qxe4 Nxe4 $15) 23... Nc5 (23...
Nc3+ 24. Nxc3 bxc3 25. Bxc3 Nd5 26. Bb2 $16) 24. g5 $40) 23. b3 Nac5 24. g5 $16
{and White's -> becomes rather dangerous, while Black cannot show anything on
the other flank.}) 21. b3 $1 Nc5 22. g4 $1 Ncd7 (22... Nfd7 $6 23. g5 $16) 23.
g5 Nxe5 (23... hxg5 24. hxg5 $16) 24. fxe5 Qd5 $1 {Black's defence is on the
top.} (24... Nd7 25. gxh6 Nxe5 26. Qxb7 $18) 25. Qd3 $5 {White wants to
continue his -> on the >>.} (25. Qxd5 Nxd5 26. gxh6 gxh6 $14 {is only a little
better _|_ for White.}) 25... Ng4 $1 (25... Nd7 26. Nf4 Qc6 27. gxh6 Nxe5 28.
Qg3 $18) 26. Nf4 Qc6 27. Qe2 Ba3 $1 {Again Black finds the best chance for a
counterplay.} (27... hxg5 {opens up the h <-> against his own K.} 28. hxg5 Bxg5
29. Ng6 $1 (29. Nh3 {is strongly met by} Be3 $1 30. Qxg4 Rxd4 $1 31. cxd4 Qc2+
32. Ka1 Qc3+ $11 {and draw by perpetual.}) 29... Nh6 30. Rhg1 fxg6 31. Rxg5 Nf5
32. Rxg6 Nxd4 33. cxd4 Rc7 34. Rg4 $14 {with still some pressure on the >>.}) (
27... Bc5 $2 {simply loses to} 28. Bxc5 Rxd1+ 29. Rxd1 Qxc5 30. Qxg4 Qxc3 31.
Qe2 $18) 28. Rh3 (28. Rde1 $2 Rxd4 29. cxd4 Ne3 30. gxh6 Qc3 $1 $19 {/\ Nc2}) (
28. Qxg4 Rxd4 $1 29. gxh6 Qe4+ 30. Ka1 Rxd1+ 31. Rxd1 Qxe5 $11) (28. Rhg1 $6
Rxd4 29. cxd4 Ne3 $1 30. Nd3 Nd5 $15) 28... Bc5 $1 (28... Rxd4 29. Rxd4 $1 (29.
cxd4 $4 Qc1+)) 29. Rhd3 {[#]} (29. Qxg4 Rxd4 $1 30. gxh6 Rxd1+ 31. Qxd1 gxh6
32. Qg4+ Kh8 33. Qh5 Qe4+ 34. Nd3 Bf8 35. Qxf7 Bg7) (29. Rg3 Bxd4 30. cxd4 Rxd4
$1 31. Rxg4 h5 32. Nxh5 Rxg4 33. Qxg4 Qc2+ 34. Ka1 Qc3+ $11) 29... Bxd4 $2 {
[%mdl 8192] The B was more important than the R in this special position.} ({
missing the forceful} 29... Rxd4 $3 30. Qxg4 $1 (30. Rxd4 $2 Bxd4 31. cxd4 (31.
Rxd4 Qxc3 $19) 31... Ne3 $19) (30. cxd4 $2 Ba3 {with nasty mating threats on
the c <->.} 31. Qd2 Nf2 $17) 30... Rxd3 31. Nxd3 $1 (31. Rxd3 Qh1+ 32. Kb2 Qh2+
33. Ng2 h5 34. Qe4 b5 $15) 31... Be3 32. c4 b5 33. Nb4 Qc5 34. Nd3 $11 {
with an equal position.}) 30. cxd4 $18 {Now the N on g4 is trapped.} Qa6 31.
Qxg4 Rc2 32. a4 {This is the cold-blooded answer!} h5 33. Nxh5 Rdc8 34. Nf6+ $1
Kf8 35. Nd7+ Ke7 36. Nc5 1-0